| 000 | 00522nam a2200169Ia 4500 | ||
|---|---|---|---|
| 008 | 151021s9999 xx 000 0 und d | ||
| 020 | _a067316683-x | ||
| 050 | _aLB3051.K8 1987 | ||
| 245 | _a_Educational testing and measurement classroom application and practice[ 2nd ed.] | ||
| 260 | _aLondon Scott,foresman and company 1987 | ||
| 300 | _a467p. | ||
| 500 | _aIncludes index | ||
| 500 | _aIncludes index | ||
| 650 | _a_Test and measurement | ||
| 700 | _a_Gary Borich | ||
| 980 | _a^d20130516 04:07:03^oanne | ||
| 999 |
_c13410 _d13410 |
||